Alle 111 Städte Deutschlands mit M - Statistiken

Allgemein
  • Dieses Quiz wurde 57 mal gespielt
  • Das Durchschnittsergebnis liegt bei 28 aus 111
Antwortstatistiken
Landkreis Stadt % Korrekt
Offenbach Mühlheim am Main
96%
\ München
93%
M**d*n-Lübbecke Minden
89%
M**b**g-Biedenkopf Marburg
87%
M**ß*n Meißen
87%
\ Magdeburg
84%
\ Mannheim
82%
\ (kreisfrei) Mainz
80%
M*y*n-Koblenz Mayen
76%
M*t*m**n Mettmann
73%
Heidekreis Munster
69%
\ (kreisfrei) Münster
69%
Breisgau-Hochschwarzwald Müllheim
67%
\ (kreisfrei) Memmingen
64%
\ (kreisfrei) Mülheim a.d. Ruhr
60%
M*y*n-Koblenz Mülheim-Kärlich
60%
Schmalkalden-M**n**g*n Meiningen
58%
Wesel Moers
56%
M*h*d**f am Inn Mühldorf
56%
\ (kreisfrei) Mönchengladbach
53%
Recklinghausen Marl
51%
Emsland Meppen
49%
Tuttlingen Mühlheim a.d. Donau
49%
M**z*g-Wadern Merzig
47%
Saalekreis Merseburg
44%
M*e*b**h Miesbach
42%
Neckar-Odenwald-Kreis Mosbach
42%
M**t**b**g Miltenberg
38%
Unstrut-Hainich-Kreis Mühlhausen
38%
M***f**d-Südharz Mansfeld
33%
Osnabrück Melle
33%
Donau-Ries Monheim
33%
M*t*m**n Monheim am Rhein
33%
Bodenseekreis Meersburg
31%
Rhein-Kreis Neuss Meerbusch
29%
Märkischer Kreis Menden
27%
Reutlingen Metzingen
27%
Lauenburg Mölln
27%
Main-Kinzig-Kreis Maintal
24%
Ludwigsburg Marbach
24%
Unterallgäu Mindelheim
20%
Mittelsachsen Mittweida
20%
Westerwaldkreis Montabaur
20%
Kelheim Mainburg
18%
Mecklenbu. Seenplatte Malchow
18%
Erzgebirgskreis Marienberg
18%
Schwalm-Eder-Kreis Melsungen
18%
Hochsauerlandkreis Meschede
18%
Odenwaldkreis Michelstadt
18%
Hof Münchberg
18%
Bodenseekreis Markdorf
16%
Ostallgäu Marktoberdorf
16%
Enzkreis Maulbronn
16%
Sigmaringen Meßkirch
16%
Reutlingen Münsingen
16%
Ortenaukreis Mahlberg
13%
Leipzig Markranstädt
13%
Euskirchen Mechernich
13%
Zwickau Meerane
13%
Märkischer Kreis Meinerzhagen
13%
Groß-Gerau Mörfelden-Walldorf
13%
Leipzig Markkleeberg
11%
Hochsauerlandkreis Marsberg
11%
Rhein-Sieg-Kreis Meckenheim
11%
Rhön-Grabfeld Mellrichstadt
11%
Sigmaringen Mengen
11%
Altenburger Land Meuselwitz
11%
Aachen Monschau
11%
Freising Moosburg
11%
Tübingen Mössingen
11%
Elbe-Elster Mühlberg
11%
Main-Spessart Marktheidenfeld
9%
Wunsiedel (Fichtelgebirge) Marktredwitz
9%
Dithmarschen Meldorf
9%
Tirschenreuth Mitterteich
9%
Jerichower Land Möckern
9%
Enzkreis Mühlacker
9%
Rems-Murr-Kreis Murrhardt
9%
Mecklenbu. Seenplatte Malchin
7%
Bernkastel-Wittlich Manderscheid
7%
Vorpommern-Rügen Marlow
7%
M*y*n-Koblenz Mendig
7%
Zollernalbkreis Meßstetten
7%
Dahme-Spreewald Mittenwalde
7%
Märkisch-Oderland Müncheberg
7%
Bad Kissingen Münnerstadt
7%
Wetteraukreis Münzenberg
7%
Kitzingen Mainbernheim
4%
Ludwigsburg Markgröningen
4%
Wunsiedel (Fichtelgebirge) Marktleuthen
4%
Schwandorf Maxhütte-Haidhof
4%
Hochsauerlandkreis Medebach
4%
Bad Kreuznach Meisenheim
4%
Prignitz Meyenburg
4%
Mecklenb. Seenplatte Mirow
4%
Heilbronn Möckmühl
4%
Alb-Donau-Kreis Munderkingen
4%
Vogtlandkreis Markneukirchen
2%
Kitzingen Marktbreit
2%
Kitzingen Marktsteft
2%
Dithmarschen Marne
2%
Ansbach Merkendorf
2%
Northeim Moringen
2%
Saalekreis Mücheln
2%
Nordsachsen Mügeln
2%
Oder-Spree Müllrose
2%
Weimarer Land Magdala
0%
Höxter Marienmünster
0%
Dahme-Spreewald Märkisch Buchholz
0%
Greiz Münchenbernsdorf
0%
M*y*n-Koblenz Münstermaifeld
0%
Keine übereinstimmenden Quizze gefunden
Verteilung der Resultate
Anzahl Personen mit jedem Resultat
Perzentil nach korrekt beantworteten Fragen
Ihre Resultats-Entwicklung
Sie haben dieses Quiz noch nicht gespielt